Normal view MARC view
  • South Asia

Entry Geographic Name

Number of records used in: 2

001 - CONTROL NUMBER

  • control field: 104855

003 - CONTROL NUMBER IDENTIFIER

  • control field: NUST

005 - DATE AND TIME OF LATEST TRANSACTION

  • control field: 20221214144509.0

008 - FIXED-LENGTH DATA ELEMENTS

  • fixed length control field: 221214|| aca||aabn | a|a d

040 ## - CATALOGING SOURCE

  • Original cataloging agency: NUST
  • Transcribing agency: NUST

151 ## - HEADING--GEOGRAPHIC NAME

  • Geographic name: South Asia
  • General subdivision: Foreign relations
  • Geographic subdivision: United States

670 ## - SOURCE DATA FOUND

  • Source citation: Work cat.: (NUST)0: Cohen, Stephen P., 1936- author. 104851, The South Asia papers :
© 2023 Central Library, National University of Sciences and Technology. All Rights Reserved.